भारतीय राजकीय विचारवंत (Record no. 1551910)
[ view plain ]
| 000 -LEADER | |
|---|---|
| fixed length control field | 00965nam a22002777a 4500 |
| 005 - DATE AND TIME OF LATEST TRANSACTION | |
| control field | 20220906112530.0 |
| 008 - FIXED-LENGTH DATA ELEMENTS--GENERAL INFORMATION | |
| fixed length control field | 220906b2022 ii ||||| |||| 00| 0cmar d |
| 020 ## - INTERNATIONAL STANDARD BOOK NUMBER | |
| International Standard Book Number | 9789388009478 |
| Price | 240 |
| 040 ## - CATALOGING SOURCE | |
| Original cataloging agency | NLI |
| Language of cataloging | mar |
| Transcribing agency | Marathi Division |
| 041 0# - LANGUAGE CODE | |
| Language code of text/sound track or separate title | mar |
| 044 ## - COUNTRY OF PUBLISHING/PRODUCING ENTITY CODE | |
| MARC country code | ii |
| 082 04 - DEWEY DECIMAL CLASSIFICATION NUMBER | |
| Edition number | 23rd ed. |
| Classification number | Mar 351.076 |
| Book number | L 159 bhrv |
| 100 1# - MAIN ENTRY--PERSONAL NAME | |
| Linkage | 880-01 |
| Personal name | लहाडे, नंदा संजय |
| 9 (RLIN) | 678888 |
| 245 10 - TITLE STATEMENT | |
| Linkage | 880-02 |
| Title | भारतीय राजकीय विचारवंत |
| Statement of responsibility, etc. | /नंदा संजय लहाडे |
| 260 ## - PUBLICATION, DISTRIBUTION, ETC. | |
| Place of publication, distribution, etc. | Pune: |
| Name of publisher, distributor, etc. | Chetak books, |
| Date of publication, distribution, etc. | 2022. |
| 300 ## - PHYSICAL DESCRIPTION | |
| Extent | 160p.; |
| Dimensions | 21.5cm. |
| 650 #0 - SUBJECT ADDED ENTRY--TOPICAL TERM | |
| Topical term or geographic name entry element | Civil service |
| General subdivision | Examinations |
| 9 (RLIN) | 868014 |
| 650 #0 - SUBJECT ADDED ENTRY--TOPICAL TERM | |
| Topical term or geographic name entry element | Politics |
| 9 (RLIN) | 738649 |
| 650 #0 - SUBJECT ADDED ENTRY--TOPICAL TERM | |
| Topical term or geographic name entry element | Biography |
| 700 1# - ADDED ENTRY--PERSONAL NAME | |
| Linkage | 880-03 |
| 852 ## - LOCATION | |
| Location | BB |
| Shelving location | Marathi |
| 880 1# - ALTERNATE GRAPHIC REPRESENTATION | |
| Linkage | 100-01 |
| a | Lahāḍe, Naṅdā Saṅjaya |
| 880 1# - ALTERNATE GRAPHIC REPRESENTATION | |
| Linkage | 245-02 |
| a | Bhāratīya rājakīya vicāravaṅta |
| c | /Naṅdā Saṅjaya Lahāḍe |
| 887 ## - NON-MARC INFORMATION FIELD | |
| Data Entry Operator Name / Verifier Name | Trupti Satish Lote |
| 942 ## - ADDED ENTRY ELEMENTS (KOHA) | |
| Source of classification or shelving scheme | Dewey Decimal Classification |
| Koha item type | Books |
| Withdrawn status | Lost status | Source of classification or shelving scheme | Damaged status | Not for loan | Collection code | Home library | Current library | Shelving location | Date acquired | Source of acquisition | Total Checkouts | Full call number | Barcode | Date last seen | Price effective from | Koha item type |
|---|---|---|---|---|---|---|---|---|---|---|---|---|---|---|---|---|
| Dewey Decimal Classification | Marathi | National Library of India | National Library of India | Marathi - Book - Main Stack Division | 12/07/2022 | D B Act | Mar 351.076 L 159 bhrv | DBA000060392MAR | 06/09/2022 | 06/09/2022 | Books |
